[Event "7. Copenhagen Open Politiken Cup"]
[Site "Copenhagen"]
[Date "1985.??.??"]
[Round "10"]
[White "Andreasen, Per Naesby"]
[Black "From, Sigfred"]
[Result "1-0"]
[WhiteElo "2260"]
[BlackElo "2245"]
[PlyCount "89"]
[EventDate "1985.??.??"]
[EventType "swiss"]
[EventRounds "10"]
[EventCountry "DEN"]
[SourceDate "2004.01.01"]

1. c4 c5 2. Nf3 Nf6 3. e3 g6 4. d4 Bg7 5. Nc3 O-O 6. Be2 d5 7. O-O cxd4 8. exd4
Nc6 9. Re1 Bg4 10. cxd5 Nxd5 11. h3 Bf5 12. Bg5 h6 13. Bh4 Nf4 14. Bg3 Nxe2+
15. Qxe2 Nb4 16. Rad1 Nd5 17. Nh4 Be6 18. Nxg6 Re8 19. Nf4 Nxf4 20. Bxf4 Qa5
21. d5 Bf5 22. Be5 Bf8 23. Bd4 Qc7 24. Nb5 Qd7 25. Qe5 f6 26. Qg3+ Kh7 27. Nc7
Rec8 28. Nxa8 Rxa8 29. d6 e5 30. Bc3 Bg7 31. Qe3 Rg8 32. Kh2 h5 33. Qc5 Qf7 34.
d7 Bxd7 35. Qc7 Be6 36. Qxf7 Bxf7 37. Rd7 Bxa2 38. Ra1 Bc4 39. Rxb7 a6 40. Rd1
Kg6 41. f4 e4 42. g4 hxg4 43. hxg4 Bd3 44. Kg3 Bf8 45. f5+ 1-0

[Event "7. Copenhagen Open Politiken Cup"]
[Site "Copenhagen"]
[Date "1985.??.??"]
[Round "10"]
[White "Bator, Zbigniew"]
[Black "Schandorff, Lars"]
[Result "1/2-1/2"]
[WhiteElo "2315"]
[BlackElo "2275"]
[PlyCount "84"]
[EventDate "1985.??.??"]
[EventType "swiss"]
[EventRounds "10"]
[EventCountry "DEN"]
[SourceDate "2004.01.01"]

1. d4 Nf6 2. Nf3 g6 3. Bg5 Bg7 4. Nbd2 d5 5. e3 O-O 6. Bd3 c5 7. c3 Qb6 8. Rb1
Nc6 9. O-O Re8 10. b4 cxb4 11. cxb4 a5 12. bxa5 Qxa5 13. Nb3 Qa7 14. Bb5 Ne4
15. Rc1 Bg4 16. Bh4 Qxa2 17. Bxc6 bxc6 18. Rxc6 g5 19. Bg3 Rec8 20. Nc1 Qa5 21.
Rxc8+ Rxc8 22. h3 Bh5 23. Be5 f6 24. Bh2 Qc3 25. g4 Bf7 26. Ne2 Qc6 27. Ng3
Nxg3 28. Bxg3 h5 29. Ne1 hxg4 30. hxg4 Bg6 31. Nd3 e6 32. Nc5 Bf8 33. Qb3 Bxc5
34. Rc1 Be4 35. Rxc5 Qd7 36. Qd1 Rxc5 37. dxc5 e5 38. f3 Bg6 39. Qb3 Qc6 40.
Qb8+ Kg7 41. Qa7+ Bf7 42. Qb6 Be8 1/2-1/2

[Event "7. Copenhagen Open Politiken Cup"]
[Site "Copenhagen"]
[Date "1985.??.??"]
[Round "10"]
[White "Bjerring, Kai"]
[Black "Hansen, Curt"]
[Result "0-1"]
[WhiteElo "2315"]
[BlackElo "2505"]
[PlyCount "32"]
[EventDate "1985.??.??"]
[EventType "swiss"]
[EventRounds "10"]
[EventCountry "DEN"]
[SourceDate "2004.01.01"]

1. e4 c5 2. Nf3 d6 3. d4 cxd4 4. Nxd4 Nf6 5. Nc3 g6 6. Be3 Bg7 7. f3 Nc6 8. Qd2
O-O 9. O-O-O d5 10. exd5 Nxd5 11. Nxc6 bxc6 12. Bd4 e5 13. Bc5 Be6 14. Bc4 Nxc3
15. Bxe6 Nxd1 16. Bd7 Nxb2 0-1

[Event "7. Copenhagen Open Politiken Cup"]
[Site "Copenhagen"]
[Date "1985.??.??"]
[Round "10"]
[White "Braga, Fernando"]
[Black "Pliester, Leon"]
[Result "1/2-1/2"]
[WhiteElo "2390"]
[BlackElo "2370"]
[PlyCount "82"]
[EventDate "1985.??.??"]
[EventType "swiss"]
[EventRounds "10"]
[EventCountry "DEN"]
[SourceDate "2004.01.01"]

1. e4 e5 2. Nf3 Nc6 3. Bb5 a6 4. Ba4 Nf6 5. O-O Nxe4 6. d4 b5 7. Bb3 d5 8. dxe5
Be6 9. a4 Na5 10. axb5 Nxb3 11. cxb3 axb5 12. Rxa8 Qxa8 13. Nd4 c6 14. Be3 Kd7
15. Nc3 Nxc3 16. bxc3 Be7 17. f4 f5 18. Qc2 g6 19. b4 Qa3 20. Nb3 Ra8 21. Rb1
d4 22. Nxd4 Bd5 23. Nb3 Ke6 24. Bc1 Qa7+ 25. Nd4+ Kf7 26. h3 Qa2 27. Rb2 Qc4
28. Bd2 Ra1+ 29. Rb1 Be4 30. e6+ Kf6 31. Rxa1 Bxc2 32. Nxc2 Qd3 33. Be1 Qxc2
34. Bh4+ Kg7 35. Bxe7 Qxc3 36. Rf1 Qe3+ 37. Kh2 Qxe6 38. Bc5 h6 39. h4 g5 40.
hxg5 hxg5 41. fxg5 Kg6 1/2-1/2

[Event "7. Copenhagen Open Politiken Cup"]
[Site "Copenhagen"]
[Date "1985.??.??"]
[Round "10"]
[White "Fette, Martin"]
[Black "Bosboom, Manuel"]
[Result "1-0"]
[WhiteElo "2290"]
[BlackElo "2380"]
[PlyCount "72"]
[EventDate "1985.??.??"]
[EventType "swiss"]
[EventRounds "10"]
[EventCountry "DEN"]
[SourceDate "2004.01.01"]

1. e4 e5 2. Nf3 Nc6 3. Bc4 Nf6 4. d3 Bc5 5. Nc3 d6 6. Bg5 h6 7. Bxf6 Qxf6 8.
Nd5 Qg6 9. O-O Bg4 10. c3 Bb6 11. Ne3 h5 12. Kh1 Ne7 13. b4 f5 14. Qa4+ c6 15.
Nh4 Qf6 16. Nhxf5 Bxf5 17. Nxf5 Nxf5 18. exf5 Qxf5 19. b5 Kd7 20. bxc6+ bxc6
21. Bd5 Rac8 22. Be4 Qf7 23. c4 Rhf8 24. Rab1 Qe7 25. Qa6 Ke6 26. a4 Rc7 27. a5
Bxf2 28. Bxc6 Qh4 29. Bd5+ Ke7 30. Rb7 Rxb7 31. Qxb7+ Kf6 32. g3 Qd4 33. Kg2
Kg6 34. Qe7 Rf6 35. Be4+ Kh6 36. Qd8 Qxe4+ 1-0

[Event "7. Copenhagen Open Politiken Cup"]
[Site "Copenhagen"]
[Date "1985.??.??"]
[Round "10"]
[White "Gibbons, Bart F"]
[Black "Stelting, Thorsten"]
[Result "1-0"]
[WhiteElo "2260"]
[BlackElo "2245"]
[PlyCount "51"]
[EventDate "1985.??.??"]
[EventType "swiss"]
[EventRounds "10"]
[EventCountry "DEN"]
[SourceDate "2004.01.01"]

1. Nf3 g6 2. g3 Bg7 3. d4 b5 4. Bg2 Bb7 5. O-O e6 6. c3 Ne7 7. a4 bxa4 8. Qxa4
O-O 9. Nbd2 d6 10. Nc4 Nd7 11. Na5 Be4 12. Nd2 Bxg2 13. Kxg2 Nb6 14. Qc2 Qd7
15. e4 f5 16. Nf3 h6 17. Re1 Rae8 18. Qb3 Kh7 19. e5 d5 20. Nb7 Nec8 21. Nc5
Qf7 22. Qb5 c6 23. Qxc6 f4 24. g4 g5 25. Qb5 Rh8 26. Qd3+ 1-0

[Event "7. Copenhagen Open Politiken Cup"]
[Site "Copenhagen"]
[Date "1985.??.??"]
[Round "10"]
[White "Hebden, Mark"]
[Black "Blees, Albert"]
[Result "0-1"]
[WhiteElo "2480"]
[BlackElo "2310"]
[PlyCount "140"]
[EventDate "1985.??.??"]
[EventType "swiss"]
[EventRounds "10"]
[EventCountry "DEN"]
[SourceDate "2004.01.01"]

1. Nf3 c5 2. e4 d6 3. d4 cxd4 4. Nxd4 Nf6 5. Nc3 g6 6. Be3 Bg7 7. f3 O-O 8. Qd2
Nc6 9. g4 Be6 10. O-O-O Nxd4 11. Bxd4 Qa5 12. a3 Rfc8 13. h4 Rab8 14. Nd5 Qxd2+
15. Rxd2 Nxd5 16. exd5 Bxd5 17. Bxg7 Bxf3 18. Rh3 Bxg4 19. Rg3 h5 20. Bd4 b6
21. b3 Rd8 22. a4 f6 23. Bb2 Kf7 24. Rgd3 Rbc8 25. Rd4 Rc5 26. Ba3 Re5 27. Bb5
Re1+ 28. Kb2 Rh1 29. Rc4 Rc8 30. Rdd4 Rxc4 31. Rxc4 g5 32. hxg5 fxg5 33. Rc7
Rd1 34. Bd3 Kf6 35. Rxa7 Bf3 36. a5 bxa5 37. Rxa5 Rxd3 38. cxd3 h4 39. Ra6 g4
40. Bb4 h3 41. Rxd6+ e6 42. Rd8 h2 43. Rh8 g3 44. Bd6 e5 45. d4 Kg6 46. Bxe5
Bh5 47. Rg8+ Kf7 48. Rxg3 h1=Q 49. Ka3 Ke6 50. Kb2 Bf3 51. Rg7 Qd1 52. Rc7 Be4
53. Rc5 Qb1+ 54. Ka3 Bd5 55. Rc3 Qa1+ 56. Kb4 Qe1 57. Bg3 Qd2 58. Be5 Kf7 59.
Bh8 Qe1 60. Be5 Kg8 61. Bg3 Qe7+ 62. Rc5 Qb7+ 63. Rb5 Qf7 64. Rc5 Qe6 65. Be5
Bxb3 66. Rc7 Qb6+ 67. Kc3 Bf7 68. Kd2 Qb3 69. Ke2 Kh7 70. Kf2 Kg6 0-1

[Event "7. Copenhagen Open Politiken Cup"]
[Site "Copenhagen"]
[Date "1985.??.??"]
[Round "10"]
[White "Hector, Jonny"]
[Black "Fedder, Steen"]
[Result "0-1"]
[WhiteElo "2295"]
[BlackElo "2410"]
[PlyCount "69"]
[EventDate "1985.??.??"]
[EventType "swiss"]
[EventRounds "10"]
[EventCountry "DEN"]
[SourceDate "2004.01.01"]

1. e4 c5 2. Nf3 d6 3. d4 cxd4 4. Nxd4 Nf6 5. Nc3 e6 6. Bc4 Nc6 7. Be3 a6 8. Qe2
Qc7 9. Bb3 Na5 10. g4 Nxb3 11. cxb3 Be7 12. Rc1 Qa5 13. O-O h5 14. g5 Ng4 15.
f4 Nxe3 16. Qxe3 g6 17. f5 O-O 18. Rf3 Bd7 19. Kh1 Rac8 20. Rg1 Rc5 21. a3 Re5
22. f6 Bd8 23. Rh3 Bc6 24. Qf4 Bxe4+ 25. Nxe4 Qd5 26. Nf3 Rxe4 27. Qd2 Qf5 28.
Qd3 d5 29. Nh4 Qe5 30. Nf3 Qf5 31. Nh4 Qf4 32. Rf1 Qxg5 33. Rg1 Rg4 34. Nf3
Rxg1+ 35. Nxg1 0-1

[Event "7. Copenhagen Open Politiken Cup"]
[Site "Copenhagen"]
[Date "1985.??.??"]
[Round "10"]
[White "Hodgson, Julian M"]
[Black "Ernst, Thomas"]
[Result "1-0"]
[WhiteElo "2455"]
[BlackElo "2450"]
[PlyCount "151"]
[EventDate "1985.??.??"]
[EventType "swiss"]
[EventRounds "10"]
[EventCountry "DEN"]
[SourceDate "2004.01.01"]

1. Nf3 c5 2. g3 d5 3. Bg2 d4 4. c4 Nc6 5. d3 e5 6. b4 cxb4 7. a3 a5 8. O-O Nf6
9. axb4 Bxb4 10. Ba3 Bf5 11. Nbd2 O-O 12. Ng5 Qe7 13. Qa4 Bd7 14. Rfb1 Ra6 15.
Nge4 Nxe4 16. Nxe4 Bxa3 17. Qxa3 Nb4 18. Nd2 Bg4 19. Kf1 Qg5 20. Qb2 Qh5 21.
Nf3 Bxf3 22. Bxf3 Qxh2 23. Qd2 h6 24. Rxa5 Rxa5 25. Qxb4 e4 26. dxe4 Rfa8 27.
Qxb7 Ra1 28. e5 Rxb1+ 29. Qxb1 Rc8 30. Qb5 Qh3+ 31. Kg1 Qf5 32. Bd5 h5 33. e6
fxe6 34. Qd7 Qb1+ 35. Kg2 exd5 36. Qxc8+ Kh7 37. Qe8 Qf5 38. c5 h4 39. c6 hxg3
40. f3 d3 41. exd3 Qxd3 42. Kxg3 Qd1 43. Qh5+ Kg8 44. Qe8+ Kh7 45. Kg4 Qd4+ 46.
f4 Qc4 47. Qd7 Kh6 48. Qd6+ Kh7 49. Qd7 Kh6 50. Qe6+ Kh7 51. Kg5 Qc5 52. Qf5+
Kg8 53. Qc8+ Kh7 54. Qd7 Qg1+ 55. Qg4 Qc5 56. Qh3+ Kg8 57. Qe6+ Kh7 58. Qd7
Qg1+ 59. Kf5 Qg6+ 60. Ke5 Qe4+ 61. Kd6 Qxf4+ 62. Kxd5 Qd2+ 63. Ke6 Qe3+ 64. Kf7
Qf4+ 65. Ke6 Qe3+ 66. Kd6 Qd4+ 67. Ke7 Qf6+ 68. Ke8 Qe5+ 69. Qe7 Qb5 70. Qe4+
g6 71. Kf8 Qf1+ 72. Ke7 Qc1 73. Qh4+ Kg8 74. Qf6 Qc5+ 75. Qd6 Qa7+ 76. c7 1-0

[Event "7. Copenhagen Open Politiken Cup"]
[Site "Copenhagen"]
[Date "1985.??.??"]
[Round "10"]
[White "Hoi, Carsten"]
[Black "Sorensen, Henrik"]
[Result "1-0"]
[WhiteElo "2380"]
[BlackElo "2235"]
[PlyCount "69"]
[EventDate "1985.??.??"]
[EventType "swiss"]
[EventRounds "10"]
[EventCountry "DEN"]
[SourceDate "2004.01.01"]

1. d4 Nf6 2. c4 e6 3. Nc3 Bb4 4. e3 b6 5. Nge2 Bb7 6. a3 Be7 7. d5 O-O 8. g3 b5
9. b3 a5 10. Bg2 b4 11. axb4 axb4 12. Rxa8 Bxa8 13. Nb5 exd5 14. cxd5 Bc5 15.
Bb2 d6 16. O-O Nxd5 17. Bxd5 Bxd5 18. Qxd5 c6 19. Qd3 cxb5 20. Qxb5 Qb6 21. Qc4
Nc6 22. Nf4 Ne5 23. Bxe5 dxe5 24. Nd5 Qd6 25. Rc1 Ba7 26. Nxb4 h6 27. Nc6 Bb6
28. Qd5 Qa3 29. Rd1 Bc7 30. b4 Kh8 31. b5 Qb2 32. Qc4 Bb6 33. Rd7 Bxe3 34. fxe3
Ra8 35. Rd8+ 1-0

[Event "7. Copenhagen Open Politiken Cup"]
[Site "Copenhagen"]
[Date "1985.??.??"]
[Round "10"]
[White "Huenerkopf, Heinz"]
[Black "Hartung Nielsen, Jens"]
[Result "1/2-1/2"]
[WhiteElo "2305"]
[BlackElo "2245"]
[PlyCount "29"]
[EventDate "1985.??.??"]
[EventType "swiss"]
[EventRounds "10"]
[EventCountry "DEN"]
[SourceDate "2004.01.01"]

1. e4 e5 2. Nf3 d6 3. d4 exd4 4. Qxd4 Nc6 5. Bb5 Nge7 6. Bg5 a6 7. Bxc6+ Nxc6
8. Qc3 f6 9. Bd2 Be6 10. O-O Be7 11. Nd4 Nxd4 12. Qxd4 O-O 13. Nc3 f5 14. Nd5
Bf6 15. Nxf6+ 1/2-1/2

[Event "7. Copenhagen Open Politiken Cup"]
[Site "Copenhagen"]
[Date "1985.??.??"]
[Round "10"]
[White "Iskov, Gert"]
[Black "Wockenfuss, Klaus"]
[Result "0-1"]
[WhiteElo "2325"]
[BlackElo "2375"]
[PlyCount "58"]
[EventDate "1985.??.??"]
[EventType "swiss"]
[EventRounds "10"]
[EventCountry "DEN"]
[SourceDate "2004.01.01"]

1. e4 Nc6 2. Nf3 d6 3. d4 Nf6 4. Nc3 Bg4 5. d5 Nb8 6. h3 Bxf3 7. Qxf3 g6 8. Bc4
Bg7 9. O-O O-O 10. Bf4 c6 11. Rfe1 Nbd7 12. g4 Qb6 13. Rab1 Rac8 14. Bd3 Ne5
15. Bxe5 dxe5 16. Ne2 cxd5 17. exd5 e6 18. c4 e4 19. Bxe4 Rxc4 20. Bd3 Rb4 21.
Nc3 Rxb2 22. dxe6 fxe6 23. Rxb2 Qxb2 24. Nd1 Qxa2 25. Re2 Qa1 26. Re1 Nd5 27.
Qe4 Nf4 28. Bc4 Nxh3+ 29. Kh2 Ng5 0-1

[Event "7. Copenhagen Open Politiken Cup"]
[Site "Copenhagen"]
[Date "1985.??.??"]
[Round "10"]
[White "Jacobsen, Bo"]
[Black "Gausel, Einar"]
[Result "0-1"]
[WhiteElo "2280"]
[BlackElo "2335"]
[PlyCount "62"]
[EventDate "1985.??.??"]
[EventType "swiss"]
[EventRounds "10"]
[EventCountry "DEN"]
[SourceDate "2004.01.01"]

1. c4 b6 2. d4 e6 3. d5 Bb7 4. e4 Bb4+ 5. Bd2 Bxd2+ 6. Qxd2 Ne7 7. Nc3 O-O 8.
Bd3 f5 9. Nge2 fxe4 10. Bxe4 exd5 11. cxd5 Nf5 12. Rd1 Nd6 13. Bb1 Na6 14. O-O
Qh4 15. Qc2 g6 16. a3 Rae8 17. b4 Re5 18. Rd4 Qe7 19. Ng3 Re1 20. Ba2 Rxf1+ 21.
Nxf1 Qe5 22. Qd2 Kg7 23. Ne3 h5 24. Bb1 Rf6 25. Nc4 Nxc4 26. Rxc4 c5 27. f4 Qd6
28. f5 Nc7 29. bxc5 bxc5 30. fxg6 Ba6 31. Bd3 Bxc4 0-1

[Event "7. Copenhagen Open Politiken Cup"]
[Site "Copenhagen"]
[Date "1985.??.??"]
[Round "10"]
[White "Kamaras, Peter"]
[Black "Nielsen, Jorgen G"]
[Result "1/2-1/2"]
[WhiteElo "2330"]
[BlackElo "2240"]
[PlyCount "42"]
[EventDate "1985.??.??"]
[EventType "swiss"]
[EventRounds "10"]
[EventCountry "DEN"]
[SourceDate "2004.01.01"]

1. e4 e5 2. Nc3 Nc6 3. Bc4 d6 4. d3 Be6 5. Bb5 Nge7 6. f4 a6 7. Ba4 g6 8. fxe5
dxe5 9. Nf3 Bg7 10. Ng5 O-O 11. Nxe6 fxe6 12. Bg5 Nd4 13. Ne2 b5 14. Bb3 Nxb3
15. axb3 Qd6 16. Qd2 Nc6 17. h4 Nd4 18. h5 Rf7 19. hxg6 hxg6 20. Bh6 Bf6 21.
Bg5 Qe7 1/2-1/2

[Event "7. Copenhagen Open Politiken Cup"]
[Site "Copenhagen"]
[Date "1985.??.??"]
[Round "10"]
[White "Pavlovic, Milos"]
[Black "Vogel, Jaap"]
[Result "0-1"]
[WhiteElo "2305"]
[BlackElo "2280"]
[PlyCount "63"]
[EventDate "1985.??.??"]
[EventType "swiss"]
[EventRounds "10"]
[EventCountry "DEN"]
[SourceDate "2004.01.01"]

1. e4 e6 2. d4 d5 3. Nc3 Bb4 4. e5 b6 5. Qg4 Bf8 6. Nf3 Qd7 7. Be2 Ba6 8. O-O
Ne7 9. Bd2 Nf5 10. Rfd1 Bxe2 11. Nxe2 Nc6 12. Be1 a5 13. Nf4 g6 14. c4 Nce7 15.
cxd5 Nxd5 16. Ng5 Be7 17. Nxd5 Qxd5 18. Rac1 c6 19. Ne4 h5 20. Qf4 Rd8 21. Kh1
g5 22. Qf3 Rg8 23. Rxc6 Nxd4 24. Nd6+ Rxd6 25. Rxd6 Qxf3 26. gxf3 Bxd6 27. exd6
e5 28. Bc3 Rg6 29. b4 Rxd6 30. bxa5 bxa5 31. Bxa5 Ra6 32. Bc3 {..39} 0-1

[Event "7. Copenhagen Open Politiken Cup"]
[Site "Copenhagen"]
[Date "1985.??.??"]
[Round "10"]
[White "Plachetka, Jan"]
[Black "Berg, Klaus"]
[Result "1-0"]
[WhiteElo "2440"]
[BlackElo "2340"]
[PlyCount "63"]
[EventDate "1985.??.??"]
[EventType "swiss"]
[EventRounds "10"]
[EventCountry "DEN"]
[SourceDate "2004.01.01"]

1. d4 Nf6 2. c4 c5 3. d5 b5 4. cxb5 a6 5. bxa6 g6 6. Nc3 Bxa6 7. g3 d6 8. Bg2
Bg7 9. Nf3 Nbd7 10. O-O Nb6 11. Re1 O-O 12. Rb1 Bc4 13. e4 Nfd7 14. a3 Qc7 15.
Qc2 Ba6 16. b3 Rfb8 17. Bb2 Ne5 18. Nxe5 Bxe5 19. h3 Ra7 20. Kh2 Nd7 21. f4 Bg7
22. Nd1 Bxb2 23. Qxb2 Qa5 24. Nf2 Bc4 25. Ng4 f6 26. Re3 h5 27. Nf2 Qxa3 28.
Qc2 Ba6 29. e5 f5 30. exd6 exd6 31. Re7 Bc8 32. Qc3 1-0

[Event "7. Copenhagen Open Politiken Cup"]
[Site "Copenhagen"]
[Date "1985.??.??"]
[Round "10"]
[White "Rasmussen, Karsten"]
[Black "Stein, Bernd"]
[Result "1/2-1/2"]
[WhiteElo "2295"]
[BlackElo "2380"]
[PlyCount "49"]
[EventDate "1985.??.??"]
[EventType "swiss"]
[EventRounds "10"]
[EventCountry "DEN"]
[SourceDate "2004.01.01"]

1. e4 c5 2. Nf3 e6 3. d4 cxd4 4. Nxd4 Nf6 5. Nc3 Nc6 6. Ndb5 Bb4 7. a3 Bxc3+ 8.
Nxc3 d5 9. exd5 exd5 10. Bd3 O-O 11. O-O d4 12. Ne2 Qd5 13. Nf4 Qd6 14. Nh5 Ng4
15. Bf4 Qd5 16. Ng3 Be6 17. Re1 Rad8 18. b4 a6 19. Rb1 b5 20. Be4 Qd7 21. h3
Nf6 22. Bg5 Nxe4 23. Nxe4 Ra8 24. Qf3 Qd5 25. Rbd1 1/2-1/2

[Event "7. Copenhagen Open Politiken Cup"]
[Site "Copenhagen"]
[Date "1985.??.??"]
[Round "10"]
[White "Reinert, Mads"]
[Black "Heyken, Enno"]
[Result "1/2-1/2"]
[WhiteElo "2260"]
[BlackElo "2350"]
[PlyCount "42"]
[EventDate "1985.??.??"]
[EventType "swiss"]
[EventRounds "10"]
[EventCountry "DEN"]
[SourceDate "2004.01.01"]

1. e4 e6 2. d4 d5 3. e5 c5 4. c3 Nc6 5. Nf3 Qb6 6. Be2 cxd4 7. cxd4 Nh6 8. Nc3
Nf5 9. Na4 Qa5+ 10. Bd2 Bb4 11. Bc3 b5 12. a3 Bxc3+ 13. Nxc3 b4 14. axb4 Qxb4
15. Qa4 Qxa4 16. Rxa4 Bd7 17. Bd3 Nfe7 18. b4 Nc8 19. b5 N6e7 20. Kd2 Nb6 21.
Ra5 Nec8 1/2-1/2

[Event "7. Copenhagen Open Politiken Cup"]
[Site "Copenhagen"]
[Date "1985.??.??"]
[Round "10"]
[White "Setterqvist, Kurt"]
[Black "Bator, Robert"]
[Result "1-0"]
[WhiteElo "2280"]
[BlackElo "2380"]
[PlyCount "86"]
[EventDate "1985.??.??"]
[EventType "swiss"]
[EventRounds "10"]
[EventCountry "DEN"]
[SourceDate "2004.01.01"]

1. d4 Nf6 2. c4 e6 3. Nf3 b6 4. g3 Ba6 5. Qa4 c5 6. Bg2 Bb7 7. dxc5 bxc5 8. O-O
Be7 9. Nc3 O-O 10. Bf4 Nh5 11. Bxb8 Bc6 12. Qc2 Qxb8 13. Rad1 d6 14. Ng5 Bxg5
15. Bxc6 Be7 16. Rd2 f5 17. Rfd1 a6 18. Bxa8 Qxa8 19. Qd3 Nf6 20. Qe3 Kf7 21.
Rxd6 Bxd6 22. Rxd6 Qc8 23. Qf3 Qb8 24. Rxa6 Qxb2 25. Qe3 Re8 26. Ra7+ Kg6 27.
h4 h6 28. Qe5 Qb6 29. Qc7 Qxc7 30. Rxc7 Ra8 31. a4 Ne4 32. Nxe4 fxe4 33. Rxc5
Rxa4 34. Kg2 Kf6 35. g4 Ra2 36. e3 Rc2 37. Kg3 Kf7 38. Rc8 Kf6 39. c5 Kf7 40.
c6 Kf6 41. h5 Rc4 42. Kf4 e5+ 43. Kg3 Rc1 1-0

[Event "7. Copenhagen Open Politiken Cup"]
[Site "Copenhagen"]
[Date "1985.??.??"]
[Round "10"]
[White "Srensen, Torben"]
[Black "Karolyi, Tibor Jr"]
[Result "1/2-1/2"]
[WhiteElo "2315"]
[BlackElo "2445"]
[PlyCount "22"]
[EventDate "1985.??.??"]
[EventType "swiss"]
[EventRounds "10"]
[EventCountry "DEN"]
[SourceDate "2004.01.01"]

1. e4 e5 2. Nf3 Nc6 3. Bb5 a6 4. Ba4 g6 5. c3 d6 6. d4 Bd7 7. O-O Bg7 8. dxe5
Nxe5 9. Nxe5 dxe5 10. Bxd7+ Qxd7 11. Qxd7+ Kxd7 1/2-1/2

[Event "7. Copenhagen Open Politiken Cup"]
[Site "Copenhagen"]
[Date "1985.??.??"]
[Round "10"]
[White "Van Mil, Johan"]
[Black "Agdestein, Espen"]
[Result "1-0"]
[WhiteElo "2345"]
[BlackElo "2305"]
[PlyCount "81"]
[EventDate "1985.??.??"]
[EventType "swiss"]
[EventRounds "10"]
[EventCountry "DEN"]
[SourceDate "2004.01.01"]

1. e4 c5 2. Nf3 e6 3. d4 cxd4 4. Nxd4 Nf6 5. Nc3 d6 6. f4 a6 7. a4 Nc6 8. Nf3
Be7 9. Bd3 Qb6 10. Qe2 O-O 11. Be3 Qxb2 12. Kd2 Qb4 13. Rab1 Qa5 14. Bb6 Qh5
15. h3 Nd7 16. g4 Qh6 17. Be3 g6 18. h4 Qg7 19. h5 Bd8 20. Nd1 Ba5+ 21. c3 Nc5
22. Bc2 b5 23. axb5 axb5 24. Qxb5 Bd7 25. Bxc5 dxc5 26. Qxc5 Rac8 27. Qe3 Rfd8
28. hxg6 hxg6 29. Ke1 e5 30. f5 Nd4 31. Nxd4 exd4 32. Qf2 Qf6 33. g5 Qxg5 34.
fxg6 Qxg6 35. Rg1 Bg4 36. Qf4 Rxc3 37. Nxc3 Bxc3+ 38. Kf2 d3 39. Rxg4 dxc2 40.
Rxg6+ fxg6 41. Rb8 1-0

[Event "7. Copenhagen Open Politiken Cup"]
[Site "Copenhagen"]
[Date "1985.??.??"]
[Round "10"]
[White "Westerinen, Heikki"]
[Black "Welin, Thomas"]
[Result "0-1"]
[WhiteElo "2420"]
[BlackElo "2395"]
[PlyCount "66"]
[EventDate "1985.??.??"]
[EventType "swiss"]
[EventRounds "10"]
[EventCountry "DEN"]
[SourceDate "2004.01.01"]

1. e4 e6 2. d4 d5 3. Nc3 Bb4 4. Nge2 Ne7 5. a3 Ba5 6. Qd3 dxe4 7. Qxe4 Nf5 8.
Bf4 Nd7 9. O-O-O Nf6 10. Qe5 c6 11. h3 O-O 12. g4 Ne7 13. Qd6 Nfd5 14. Qxd8
Rxd8 15. Bg3 Nxc3 16. Nxc3 Bxc3 17. bxc3 b6 18. Bc4 Nd5 19. Kb2 Bb7 20. Rhe1
Rac8 21. Bf1 b5 22. c4 bxc4 23. Bxc4 c5 24. dxc5 Rxc5 25. Bb3 Rdc8 26. Rd2 Nb6
27. Rd4 a5 28. a4 Bd5 29. Re2 h6 30. Red2 Nc4+ 31. Bxc4 Rxc4 32. f4 Rb8+ 33.
Ka3 Rc3# 0-1